000 00822nac a22002771i 4500
003 EG-ScBUE
005 20250618090944.0
008 250618r20071994ii a f 000 0 eng d
020 _a8121904137
020 _a9788121904131
040 _aEG-ScBUE
_beng
_erda
_cEG-ScBUE
_dEG-ScBUE
082 0 4 _a539.7
_bGHO
_222
100 1 _aGhoshal, S. N.,
_eauthor.
245 1 0 _aNuclear physics/
_cS. N. Ghoshal.
250 _aReprint edition.
264 1 _aNew Delhi :
_bS. Chand & Company Ltd.,
_c2007.
300 _a1055 pages :
_billustrations ;
_c20 cm
336 _2rdacontent
_atext
_btxt
337 _aunmediated
_2rdamedia
_bn
338 _avolume
_bnc
_2rdacarrier
500 _adistributer: Al-Ahram
650 7 _aNuclear physics.
_2BUEsh
650 _aAtoms
655 _vReading book
942 _cBB
_2ddc
999 _c8274
_d8274